El existencialismo es un humanismo /
Frente a las denostaciones contra el existencialismo, el filósofo y escritor francés Jean-Paul Sartre (1905-1980) argumenta en su defensa, desde la perspectiva con que lo concibe: es una doctrina que hace posible la vida humana y que, por otra parte, declara que toda verdad y toda acción implica un...
Kaydedildi:
| Yazar: | |
|---|---|
| Diğer Yazarlar: | |
| Materyal Türü: | Kitap |
| Dil: | İspanyolca |
| Baskı/Yayın Bilgisi: |
México :
Peña Hermanos,
1998
|
| Konular: | |
| Etiketler: |
Etiket eklenmemiş, İlk siz ekleyin!
|
MARC
| LEADER | 00000nam^a2200000^a^4500 | ||
|---|---|---|---|
| 001 | 000410379 | ||
| 005 | 20250521000000.0 | ||
| 009 | 20260310122045.502 | ||
| 020 | |a 968-6810-20-X | ||
| 037 | |a Acervo ITESO - Biblioteca | ||
| 041 | |a ESP | ||
| 082 | |a 142. 78 |b SAR OBR EXI | ||
| 100 | |a Sartre, Jean-Paul |e (autor) | ||
| 245 | 1 | 3 | |a El existencialismo es un humanismo / |c J.P. Sartre. |
| 264 | 1 | |a México : |b Peña Hermanos, |c 1998 | |
| 300 | |a 128 p. | ||
| 336 | |a texto |b txt |2 rdacontenido | ||
| 337 | |a sin mediación |b n |2 rdamedio | ||
| 338 | |a volumen |b nc |2 rdasoporte | ||
| 500 | |a Traducción de: L'existencialisme est un humanisme | ||
| 520 | |a Frente a las denostaciones contra el existencialismo, el filósofo y escritor francés Jean-Paul Sartre (1905-1980) argumenta en su defensa, desde la perspectiva con que lo concibe: es una doctrina que hace posible la vida humana y que, por otra parte, declara que toda verdad y toda acción implica un medio y una subjetividad humana. | ||
| 545 | 0 | |a Jean-Paul Sartre (1905-1980) fue el líder indiscutible del existencialismo. Sin embargo, su notoriedad no viene sólo de su pensamiento filosófico, sino también de su incursión en la literatura, aunque en ésta, evidentemente, también expresa su visión existencialista. Algunas de sus obras son: La imaginación; La náusea; El muro; Lo imaginario; Las moscas; El ser y la nada; La edad de la razón; Los caminos de la libertad; Las manos sucias; Crítica de la razón dialéctica; El diablo y Dios; Las palabras. Obtuvo el Premio Nobel de Literatura en 1964, pero lo rechazó. | |
| 586 | |a Premio Nobel de Literatura 1964 (rechazado por el autor) | ||
| 649 | |a XX | ||
| 650 | |a Humanismo - |x Tema Principal | ||
| 650 | |a Metafísica | ||
| 650 | |a Existencialismo - |x Tema Principal | ||
| 650 | |a Fenomenología | ||
| 650 | |a Filosofía del Siglo XX | ||
| 650 | |a Filosofía Francesa | ||
| 650 | |a Filosofía Alemana | ||
| 740 | 0 | |a Carta sobre el humanismo / M. Heidegger. | |
| 700 | |a Heidegger, Martin |e (autor) | ||
| 910 | |a Fondo General | ||
| 920 | |a Impresos - Libros | ||
| 930 | |a Colección General | ||
| 905 | |a 101 | ||
| 901 | |a 0500243049 |b IT1 |c ACC |i D83395 |u 20250521 | ||
| 902 | |a https://opac.biblio.iteso.mx/vufind/Record/000410379 | ||